Statistiques concernant Capitales Aléatoires de l'Europe - Carte Quiz

Cliquez ici pour prendre le quiz!

Statistiques générales

  • Ce quiz a été pris 2 157 fois
  • Le résultat moyen est 9 sur 10

Réponses sur la Carte

Les réponses sont colorées sur une échelle allant du rouge au vert en fonction du pourcentage des utilisateurs qui les ont devinées à leur premier essai. Vous pouvez retrouver ces pourcentages ci-dessous.
 

Statistiques - réponses

Réponse% Correct
Madrid
98%
Paris
98%
Bruxelles
97%
Rome | Vatican
97%
Londres
96%
Berlin
95%
Athènes
94%
Kiev
94%
Lisbonne
94%
Luxembourg
94%
Amsterdam
93%
Berne
93%
Monaco
93%
Moscou
92%
Andorre-la-Vieille
91%
Dublin
91%
Oslo
91%
Saint-Marin
90%
Copenhague
89%
Helsinki
89%
Varsovie
89%
Reykjavik
87%
Stockholm
85%
Vienne
84%
Prague
81%
Bucarest
79%
Minsk
79%
Sofia
79%
Budapest
77%
La Valette
76%
Tallinn
75%
Zagreb
74%
Sarajevo
73%
Belgrade
72%
Riga
71%
Chișinău
70%
Ljubljana
70%
Skopje
70%
Tirana
70%
Vilnius
68%
Pristina
67%
Vaduz
67%
Bratislava
66%
Podgorica
66%

Distribution des résultats

Percentile par nombre de réponses

% des personnes avec chaque résultat

Votre développement - résultats

Vous n’avez pas pris ce quiz